000353564 001__ 353564
000353564 005__ 20241116173035.0
000353564 022__ $$a2695-9623$$l2695-9623
000353564 0247_ $$2ZDBID$$aPERI:(DE-600)3200640-8
000353564 0247_ $$2ZDBPPN$$aZDPPN:134817613X
000353564 0247_ $$2SCOPUS$$aSCOPUS:21101039068
000353564 035__ $$aPERI:(DE-600)3200640-8
000353564 040__ $$a0082$$bger$$cDE-101$$dJOIN²$$eJOIN² journal identification
000353564 041__ $$apor
000353564 044__ $$cXA-ES
000353564 082__ $$223sdnb$$a300$$qDE-600
000353564 08274 $$223sdnb$$a300$$qDE-600
000353564 24220 $$2DE-600$$aHuman review$$binternational humanities review : revista internacional de humanidades$$yen
000353564 24220 $$2DE-600$$aHuman review$$binternational humanities review : revista internacional de humanidades
000353564 245__ $$2DE-600$$aHuman review$$binternational humanities review : revista internacional de humanidades$$honline
000353564 2463_ $$2DE-600$$aHuman review
000353564 2463_ $$aHuman review
000353564 2463_ $$aRevista internacional de ciencias humanas
000353564 260__ $$aHong Kong$$bEurasia Academic Publishing Group$$c[2020]-
000353564 264_1 $$32020-2023$$aMadrid$$bEagora Science
000353564 26431 $$aHong Kong$$bEurasia Academic Publishing Group$$c[2020]-
000353564 3620_ $$2DE-600$$aVol. 9, no. 1 (2020)-
000353564 36301 $$2DE-600$$81.1\x$$a9$$b1$$i2020
000353564 380__ $$2marcgt$$ajournal
000353564 500__ $$aAutomatically generated record. (Updated: 2024-11-14)
000353564 650_7 $$0ASJC:1200$$2ASJC$$aGeneral Arts and Humanities
000353564 78000 $$2DE-600$$iFortsetzung von$$tRevista internacional de ciencias humanas$$x2530-4526
000353564 8564_ $$d0$$uhttps://eaapublishing.org/journals/index.php/humanrev$$yVerlag; 9 (2020),1: Abstracts; 9 (2020), 2-: Volltexte = kostenfrei
000353564 85672 $$2RSS$$uhttps://eaapublishing.org/journals/index.php/humanrev/gateway/plugin/WebFeedGatewayPlugin/rss2$$yCurrent Articles / Preprints
000353564 8801_ $$2DE-600$$aHuman review$$binternational humanities review : revista internacional de humanidades
000353564 909CO $$ooai:juser.fz-juelich.de:1032420$$pauthority$$pauthority:PERI
000353564 909CO $$ooai:juser.fz-juelich.de:1032420
000353564 915__ $$0StatID:(DE-HGF)0200$$2StatID$$aDBCoverage$$bSCOPUS$$d2024-11-14
000353564 980__ $$aPERI
000353564 980__ $$aAUTHORITY